Nennen Sie einen gültigen Nummer 1-Hit #2 - Statistiken

Allgemein
  • Dieses Quiz wurde 840 mal gespielt
  • Das Durchschnittsergebnis liegt bei 4 aus 20
Antwortstatistiken
Nennen Sie einen Number 1 Hit von... Antworten % Korrekt
Lady Gaga Poker Face | Paparazzi | Bad Romance | Born This Way
89%
Bruno Mars Grenade
58%
Backstreet Boys Quit Playin’ Games (With My Heart) | I Want It That Way
39%
Cher Believe
34%
Britney Spears … Baby One More Time | Lucky | Scream & Shout
32%
Metallica Enter Sandman
32%
Bruce Springsteen Streets of Philadelphia
14%
Bryan Adams (Everything I Do) I Do It for You | All for Love
11%
Olivia Newton-John You’re the One That I Want | Xanadu
10%
Stevie Wonder Ebony and Ivory | I Just Called to Say I Love You
8%
Depeche Mode People Are People | Dream On
8%
Jay-Z Umbrella
8%
Carlos Santana Maria Maria
7%
Rod Stewart Baby Jane | All for Love
5%
Bee Gees Massachusetts | World | Words | You Win Again
5%
Tina Turner We Don’t Need Another Hero
5%
Simon & Garfunkel El Condor Pasa (If I Could)
3%
Paul McCartney (& Wings) Mull of Kintyre | Ebony and Ivory
3%
Beyoncé Beautiful Liar
1%
The Beach Boys Sloop John B
1%
Keine übereinstimmenden Quizze gefunden
Verteilung der Resultate
Anzahl Personen mit jedem Resultat
Perzentil nach korrekt beantworteten Fragen
Ihre Resultats-Entwicklung
Sie haben dieses Quiz noch nicht gespielt